[Event "European Club Cup 2014"]
[Site "Bilbao ESP"]
[Date "2014.09.14"]
[Round "1.8"]
[White "Aulin-Jansson, Joran"]
[Black "Huzman, Alexander"]
[Result "0-1"]
[WhiteElo "2203"]
[BlackElo "2573"]
[PlyCount "76"]
[EventDate "2014.09.14"]
[EventType "team-swiss"]
[EventCountry "ESP"]
[Source "lmi"]
[SourceDate "2014.09.14"]
[WhiteTeam "Asker"]
[BlackTeam "Beer Sheva"]

1. e4 c5 2. Nc3 Nc6 3. f4 e6 4. Nf3 d5 5. Bb5 Nge7 6. O-O a6 7. Be2 dxe4 8.
Nxe4 Nf5 9. c3 b6 10. g4 Nd6 11. d3 Be7 12. Ne5 Nxe5 13. fxe5 Nxe4 14. Qa4+ Qd7
15. Qxe4 Bb7 16. Qf4 O-O 17. Be3 f6 18. Qg3 fxe5 19. Rxf8+ Rxf8 20. Rf1 Qd5 21.
Rxf8+ Bxf8 22. c4 Qd6 23. h4 Qc6 24. Kf2 e4 25. d4 Bd6 26. Qh3 cxd4 27. Bxd4
Bf4 28. Qc3 e5 29. Be3 Qf6 30. Ke1 Qxh4+ 31. Kd1 Bxe3 32. Qxe3 Qd8+ 33. Kc1 Qd4
34. Qb3 e3 35. Qb4 a5 36. Qe1 h6 37. a3 Be4 38. Qd1 Bg6 0-1

[Event "European Club Cup 2014"]
[Site "Bilbao ESP"]
[Date "2014.09.17"]
[Round "4.7"]
[White "Nemeth, Miklos1"]
[Black "Agdestein, Simen"]
[Result "1/2-1/2"]
[WhiteElo "2494"]
[BlackElo "2622"]
[PlyCount "87"]
[EventDate "2014.09.14"]
[EventType "team-swiss"]
[EventCountry "ESP"]
[Source "lmi"]
[SourceDate "2014.09.14"]
[WhiteTeam "Haladas VSE"]
[BlackTeam "Oslo Schakselskap"]

1. e4 e6 2. d4 d5 3. Nd2 c5 4. exd5 exd5 5. Ngf3 Nc6 6. Bb5 Bd6 7. dxc5 Bxc5 8.
O-O Nge7 9. Nb3 Bd6 10. Nbd4 Bg4 11. Bg5 Rc8 12. h3 Bd7 13. Bd3 h6 14. Nxc6
bxc6 15. Bxe7 Bxe7 16. Ne5 O-O 17. Nxd7 Qxd7 18. Qf3 Qd6 19. Rad1 Qf6 20. Qxf6
Bxf6 21. c3 Rb8 22. Rd2 Rb6 23. Rc2 c5 24. Rd1 Rd8 25. Be2 a5 26. b3 g6 27. Bf3
Rbd6 28. Kf1 h5 29. g3 h4 30. Kg2 Kg7 31. Rd3 hxg3 32. fxg3 Be5 33. Re2 f6 34.
Red2 d4 35. cxd4 Rxd4 36. Rxd4 cxd4 37. Be2 f5 38. Bd3 Bd6 39. Kf3 Kf6 40. Rc2
Re8 41. Re2 Rc8 42. Bc4 Be5 43. h4 Rd8 44. g4 1/2-1/2

[Event "European Club Cup 2014"]
[Site "Bilbao ESP"]
[Date "2014.09.17"]
[Round "4.7"]
[White "Mihajlov, Sebastian"]
[Black "Csonka, Attila Istvan"]
[Result "0-1"]
[WhiteElo "2257"]
[BlackElo "2339"]
[PlyCount "78"]
[EventDate "2014.09.14"]
[EventType "team-swiss"]
[EventCountry "ESP"]
[Source "lmi"]
[SourceDate "2014.09.14"]
[WhiteTeam "Oslo Schakselskap"]
[BlackTeam "Haladas VSE"]

1. d4 Nf6 2. c4 e6 3. Nc3 Bb4 4. e3 O-O 5. Nge2 c6 6. a3 Ba5 7. Qc2 d6 8. g3 e5
9. Bg2 Re8 10. O-O Nbd7 11. b3 Nf8 12. dxe5 dxe5 13. Bb2 Bg4 14. b4 Bc7 15. Nc1
Qd7 16. Nb3 Rad8 17. Nc5 Qc8 18. Ne2 Ne6 19. Nxe6 Qxe6 20. Rad1 Bh3 21. Nc1
Bxg2 22. Kxg2 h6 23. Nb3 b6 24. h3 Nh7 25. Qe2 Ng5 26. h4 Qh3+ 27. Kg1 Nh7 28.
Qf3 Qe6 29. Kg2 Qxc4 30. Na1 Qe6 31. e4 Nf6 32. Qe2 c5 33. bxc5 bxc5 34. Rc1
Bb6 35. Qc2 Qc6 36. Rfe1 Qb5 37. Re2 Rd3 38. a4 Qa6 39. Nb3 Rxb3 0-1

[Event "European Club Cup 2014"]
[Site "Bilbao ESP"]
[Date "2014.09.18"]
[Round "5.5"]
[White "Kovacs, Gabor2"]
[Black "Thorhallsson, Throstur"]
[Result "1-0"]
[WhiteElo "2463"]
[BlackElo "2437"]
[PlyCount "107"]
[EventDate "2014.09.14"]
[EventType "team-swiss"]
[EventCountry "ESP"]
[Source "lmi"]
[SourceDate "2014.09.14"]
[WhiteTeam "Haladas VSE"]
[BlackTeam "Huginn Chessclub"]

1. c4 c6 2. Nf3 d5 3. e3 Nf6 4. b3 Bg4 5. Bb2 Nbd7 6. Be2 e6 7. Nc3 Bd6 8. cxd5
exd5 9. Nd4 Bxe2 10. Qxe2 g6 11. Rc1 O-O 12. O-O Re8 13. Nf3 Nh5 14. Qd1 f5 15.
Ne2 Qe7 16. Qc2 Qf8 17. Qd3 Nhf6 18. Ned4 Re7 19. Qc3 Ne4 20. Qc2 Rc8 21. Nb5
Bc5 22. Nc3 Nef6 23. Ne2 Bd6 24. Rb1 Rce8 25. b4 a6 26. a4 Ng4 27. b5 axb5 28.
axb5 c5 29. Qd3 Nb6 30. Bc3 Bc7 31. Rfc1 f4 32. Nxf4 Bxf4 33. exf4 Qxf4 34. h3
Nxf2 35. Kxf2 d4 36. Ba5 Re2+ 37. Qxe2 Rxe2+ 38. Kxe2 Nd5 39. Kf2 b6 40. Bxb6
Nxb6 41. Rxc5 Nd7 42. Rc8+ Kg7 43. Re1 Kh6 44. Re7 Qd6 45. Re4 Nf6 46. Rxd4 Qb6
47. Rcd8 Qxb5 48. g4 g5 49. h4 Kg6 50. hxg5 Ne8 51. R8d7 h5 52. gxh5+ Kxh5 53.
Rh4+ Kg6 54. Rh6+ 1-0

[Event "European Club Cup 2014"]
[Site "Bilbao ESP"]
[Date "2014.09.18"]
[Round "5.8"]
[White "Rodshtein, Maxim"]
[Black "Geske, Julian"]
[Result "1/2-1/2"]
[WhiteElo "2678"]
[BlackElo "2386"]
[PlyCount "161"]
[EventDate "2014.09.14"]
[EventType "team-swiss"]
[EventCountry "ESP"]
[Source "lmi"]
[SourceDate "2014.09.14"]
[WhiteTeam "Beer Sheva"]
[BlackTeam "Royal Salzburg"]

1. Nf3 d5 2. g3 Nf6 3. Bg2 Bg4 4. c4 c6 5. O-O e6 6. cxd5 Bxf3 7. Bxf3 cxd5 8.
d4 Nc6 9. e3 Be7 10. Nc3 O-O 11. Bd2 Na5 12. b3 Rc8 13. Qb1 Nd7 14. Qb2 a6 15.
Rfc1 b5 16. Ne2 Qb6 17. Nf4 Nb7 18. Be2 a5 19. a3 b4 20. axb4 Bxb4 21. Bxb4
Qxb4 22. Nd3 Qb6 23. Qa3 Rfe8 24. Qa4 Nf6 25. Ne5 g6 26. Qb5 Qxb5 27. Bxb5
Rxc1+ 28. Rxc1 Rb8 29. Ba4 Nd6 30. f3 h5 31. h3 g5 32. g4 hxg4 33. hxg4 Nfe8
34. Kf2 f6 35. Nd7 Ra8 36. Rc6 Kf7 37. Nc5 Ke7 38. e4 dxe4 39. fxe4 e5 40. dxe5
fxe5 41. Kf3 Ra7 42. Nd3 Nf6 43. Nxe5 Ke6 44. Nc4 Nfxe4 45. Ke3 Kd5 46. Nb6+
Ke5 47. Rc1 Rb7 48. Nd7+ Ke6 49. Nc5+ Nxc5 50. Rxc5 Nf7 51. Bb5 Nd6 52. Ba4 Nf7
53. Rxa5 Ne5 54. Ra6+ Ke7 55. Kd4 Nxg4 56. Rg6 Rc7 57. Rg7+ Kd6 58. Rg6+ Ke7
59. Rxg5 Nf6 60. b4 Kd6 61. Ra5 Rb7 62. Kc4 Kc7 63. Re5 Kb8 64. Bc6 Rh7 65. Re6
Nd7 66. Kb5 Kc7 67. Bxd7 Rxd7 68. Ka6 Rd1 69. Re7+ Kb8 70. Re8+ Kc7 71. Rh8
Ra1+ 72. Kb5 Rg1 73. Rh7+ Kb8 74. Ka5 Rg6 75. b5 Rf6 76. b6 Rf1 77. Ka6 Ra1+
78. Kb5 Rb1+ 79. Ka6 Ra1+ 80. Kb5 Rb1+ 81. Ka6 1/2-1/2